000 00707nam a2200289Ia 4500
005 20260324115901.0
008 008 260324s9999 xx 000 0 eng d
020 _a9781315284170
037 _aEBOOK
040 _aCRL
040 _beng
040 _cCRL
041 _2eng
041 _aeng
084 _qCRL
100 _aJ. Ping Liu; Guoping Zhao; Zhidong Zhang
_91156376
245 0 _aSkyrmions
245 0 _bTopological Structures, Properties, and Applications
260 _bTaylor and Francis
260 _c2016
365 _a
365 _b400
856 _uhttp://www.taylorfrancis.com/books/9781315284170
942 _cEBOOK
999 _c1747581
_d1747581